Estadísticas básicas de la Unión Europea

Uloženo v:
Podrobná bibliografie
Korporativní autor: EUROSTAT (Autor)
Médium: Kniha
Jazyk:španělština
Vydáno: Luxemburgo Oficina de Publicaciones Oficiales de las Comunidades Europeas 1997
Vydání:33a. ed
Témata:
Tagy: Přidat tag
Žádné tagy, Buďte první, kdo vytvoří štítek k tomuto záznamu!

MARC

LEADER 00000nam a2200000 a 4500
001 UCS4430
003 CL-VaPUC
008 970801e19970000LU |||||||||||||||||spa|d
082 0 4 |a 337.142  |b EUR  |2 21 
110 2 |a EUROSTAT  |e author  |9 390259 
245 1 0 |a Estadísticas básicas de la Unión Europea 
250 |a 33a. ed 
300 |a 388 p 
942 |c BK 
945 |d 19970801 00:00:00  |a rleighto 
260 |a Luxemburgo  |b Oficina de Publicaciones Oficiales de las Comunidades Europeas  |c 1997 
650 0 |a Estadística   |9 259535 
650 0 |a Economía   |9 255568 
650 0 |a Finanzas  |9 260832 
650 0 |a Balanza de pagos  |9 316476 
650 0 |a Condiciones sociales   |9 257278 
650 0 |a Energía   |9 259431 
650 7 |a INDUSTRIA  |2 CL-VaPUC  |9 315110 
650 0 |a Agricultura  |9 255598 
650 7 |a SILVICULTURA  |2 CL-VaPUC  |9 264178 
650 0 |a Pesca  |9 258707 
650 0 |a Medio ambiente  |9 257625 
650 0 |a Comercio exterior  |9 257617 
650 7 |a TRANSPORTE  |2 CL-VaPUC  |9 256365 
583 |a last modification  |c 19970801 00:00:00  |k Rodrigo Vera 
999 |c 261475  |d 261473 
952 |0 0  |1 0  |4 0  |6 337_142000000000000_EUR_1997  |7 0  |8 F  |9 288930  |a BIBGIM  |b BIBGIM  |d 2019-11-19  |i 3331318  |l 1  |o 337.142 EUR 1997  |p 3331318  |r 2025-01-15  |s 2022-04-04  |w 2019-11-19  |y BK_F  |k GIM